Statistics for Honest Movie Titles

Click here to take the quiz!

General Stats

  • This quiz has been taken 26 times
  • The average score is 17 of 25

Answer Stats

HintAnswer% Correct
Stephen KingsIt
100%
Despicable PetsThe Secret Life of Pets
100%
Doc and Marty's Excellent AdventureBack to the Future
95%
A Christmas FerrellElf
95%
Godzilla: The Good OneGodzilla (2014)
95%
Dwayne JohnsonThe Rock
95%
Brad Pitt Zombie MovieWorld War Z
95%
Eminem: The Movie8 Mile
85%
Swamp ThingShrek
80%
The Bummer OlympicsSquid Game
80%
The Worst Batman EverBatman & Robin
70%
Robocop?Blade Runner
70%
Batman BurtonsBatman (1989)
65%
White ClansmanBraveheart
65%
Inspector SpacetimeDoctor Who (Classic)
65%
Who Framed Ryan ReynoldsPokémon Detective Pikachu
65%
Awesome Dumb Robot MoviePacific Rim
60%
Poop!The Emoji Movie
60%
Not The Hunger GamesDivergent
50%
The One That Started It AllHarry Potter and the Philosopher's Stone
40%
Downton CrabbySherlock (BBC)
40%
PixelsWreck-It-Ralph
40%
Batman Begins to SuckBatman Forever
35%
Godzilla: The Bad OneGodzilla (1998)
30%
Fantastic Brits and How To Mind ThemMary Poppins (1964)
25%

Score Distribution

Percentile by Number Answered

Percent of People with Each Score

Your Score History

You have not taken this quiz